000 00314nam a2200121 a 4500
008 101210s2008|||| d
245 1 0 _aLegendy i opowiešci biecke
041 _apol
044 _aPL
100 1 _aŚlawska, Gabriela
260 _bTowarzystwo kulturalne Biecza i regionu
_c2008
_aBiecz
020 _c10
999 _c14080
_d14080